000 00253nam a2200097Ia 4500
008 220204s9999 xx 000 0 und d
082 _a912(084.3)(100)
_bHAM
245 0 _aHamlyn pictorial atlas of the world
260 _aLondon
_bHamlyn
_c1976
942 _cBK
999 _c28557
_d28557